| 000 | 00000nam##2200000za#4500 |
| 001 | 9.648385 |
| 003 | CaOODSP |
| 005 | 20210615113053 |
| 007 | ta |
| 008 | 150407|2002||||xxc||||| f|0| 0 eng|d |
| 020 | |a0-662-31281-3 |
| 040 | |aCaOODSP|beng |
| 043 | |an-cn--- |
| 086 | 1 |aSW21-86/2001E |
| 110 | 1 |aCanada. |bStatus of Women Canada. |
| 245 | 10|aRecognition of lesbian couples : |ban inalienable right / |cby Irène Demczuk et al. |
| 260 | |aOttawa - Ontario : |bStatus of Women Canada |c2002. |
| 300 | |ax, 202p. : |bglossary ; |c28 cm. |
| 504 | |aBibliography. |
| 563 | |aSoftcover |
| 590 | |a02-04|b2002-01-25 |
| 690 | 07|aConstitutional law|2gcpds |
| 690 | 07|aSame-sex couples|2gcpds |
| 690 | 07|aStatus of women|2gcpds |
| 720 | 1 |aDemczuk, Irène |
| 775 | 08|tLa reconnaissance des couples de lesbiennes : |w(CaOODSP)9.681674 |
| 776 | 0#|tRecognition of lesbian couples : |w(CaOODSP)9.688497 |